Using Prophet in life insurance

Prophet - súčasťou rodiny IT produktov pre poisťovníctvo. Použitie Prophetu. Pracovné prostredie a proces modelovania. Testovanie zisku prostredníctvom MS Excelu a Prophetu.

Gespeichert in:
Bibliographische Detailangaben
1. Verfasser: Ondrejková Krčová, Ingrid, 1969-
Weitere Verfasser: Sakálová, Katarína, 1955-
Format: Buchkapitel
Sprache:Slowakisch
Schlagworte:
Tags: Tag hinzufügen
Keine Tags, Fügen Sie das erste Tag hinzu!

MARC

LEADER 00000nla a2200000 4500
001 0236814
005 20240502073828.2
041 0 |a slo 
044 |a SK 
245 1 0 |a Using Prophet in life insurance  |c Ingrid Ondrejková Krčová, Katarína Sakálová 
520 |a Prophet - súčasťou rodiny IT produktov pre poisťovníctvo. Použitie Prophetu. Pracovné prostredie a proces modelovania. Testovanie zisku prostredníctvom MS Excelu a Prophetu. 
610 2 0 |a poistenie životné 
610 2 0 |a poisťovníctvo 
610 2 0 |a modelovanie 
610 2 0 |a technológie informačné 
610 2 0 |a technológie komunikačné 
610 2 0 |a softvér 
100 1 |a Ondrejková Krčová, Ingrid, 1969- 
700 1 |a Sakálová, Katarína, 1955-